| 000 | 00780nab a22002417a 4500 | ||
|---|---|---|---|
| 001 | 07582 | ||
| 003 | HDC | ||
| 007 | cr bn ---aaaaa | ||
| 008 | 210128c20150806my ||||| |||| 00| 0 may d | ||
| 040 | _aHDC | ||
| 100 |
_aMohd Zaky Zainuddin, _eauthor _97645 |
||
| 245 | 0 |
_aKerjasama CCM, SME Bank / _cMohd Zaky Zainuddin. |
|
| 336 |
_atext _2rdacontent |
||
| 337 |
_acomputer _2rdamedia |
||
| 338 |
_aonline resource _2rdacarrier |
||
| 650 |
_aCommunity bank _98115 |
||
| 650 |
_aLocal area networks industry _98114 |
||
| 710 | _aBerita Harian | ||
| 856 | _zRequest full-text at [email protected] | ||
| 942 | _2lcc | ||
| 942 | _cNEWS | ||
| 942 | _kNWSC 002005 | ||
| 999 |
_c4905 _d4905 |
||